000 00595nam a2200157 a 4500
008 120416s9999 xx |||||||||||||| || u
050 _aHF 5415.13 Cor
100 _aCorbin, Claire
245 1 0 _aDecision exercises in marketing: using the principles of SysteMetrics
300 _avii, 176p.
350 _a0.00
650 0 _aMARKETING--MANAGEMENT--CASE STUDIES
650 _aMARKETING--PROBLEMS, EXERCISES, ETC
700 _aCorbin, Arnold
995 _D0.00
_FCBU-MAIN LIBRARY (Kitwe)
_H1
_I4.25
_M1
_UDAMAGED
_ZMain Library Open Access Collection
999 _c39513
_d39513